• 首页
  • 本馆介绍
  • 公告通知
  • 最新文献
  • 馆藏检索
  • 电子资源
  • 读者导购
  • 参考咨询
  • 我的图书馆
  • 登录
  • 详细信息显示
  • 放入我的书架
  • 预约/预借图书
  • 作者相关作品
  • 分类相关作品
  • 丛书相关作品
  • 出版社相关作品

书目信息

  • 表格格式
  • 工作单格式
  • 卡片格式
题名:
电子设备结构设计手册
    
 
作者: 王健石 编
分册:  
出版信息: 北京   电子工业出版社  1993.2
页数: 720页
开本: 26cm
丛书名: 电子工程手册系列丛书
单 册:
中图分类: TN03-62
科图分类:
主题词: 电子设备-结构设计--手册 , 结构设计-电子设备--手册
电子资源:
ISBN: 7-5053-2075-0
000 00917nam2 2200265 45
001 0193050841
005 20061123110737.59
010    @a7-5053-2075-0@b精装@dCNY62.00
100    @a19931108d1993 kemy0chiy0121 ea
101 0  @achi
102    @aCN@b110000
105    @ay z 000yy
200 10 @a电子设备结构设计手册@ADIAN ZI SHE BEI JIE GOU SHE JI SHOU CE@f王健石等编@FWANG JIAN SHI DENG BIAN
210    @a北京@c电子工业出版社@d1993.2
215    @a720页@d26cm
225 2  @a电子工程手册系列丛书@vB8
330    @a本书主要以公式、曲线、图表,介绍电子设备结构设计中常用的资料,如:热设计、机箱、齿轮传动、振动与冲击设计等。
410  0 @120010@a电子工程手册系列丛书
540 1  @a电子 设备@ADIAN ZI SHE BEI
606    @a电子设备-结构设计@x手册
606    @a结构设计-电子设备@x手册
690    @aTN03-62@v三版
701  0 @a王健石@AWANG JIAN SHI@4编
801  0 @aCN@bTSSF@c20061123
905    @a10447@dTN03-62@e47
    
    电子设备结构设计手册/王健石等编.-北京:电子工业出版社,1993.2
    720页;26cm.-(电子工程手册系列丛书;B8)
    
    
    ISBN 7-5053-2075-0(精装):CNY62.00
    本书主要以公式、曲线、图表,介绍电子设备结构设计中常用的资料,如:热设计、机箱、齿轮传动、振动与冲击设计等。
●
相关链接 在E读中查询图书 在五车中查询图书 在当当中查询图书 在豆瓣中查询图书


正题名:电子设备结构设计手册     索取号:TN03-62/47         预约/预借

序号 登录号 条形码 馆藏地/架位号 状态 备注
1 0259763   202104971   第二样本阅览室/ [索取号:TN03-62/47] 在馆    
唐山师范学院图书馆 欢迎您!
大连网信软件有限公司© 版权所有